<?xml version="1.0" encoding="UTF-8"?>
<marc:record xmlns:marc="http://www.loc.gov/MARC21/slim">
   <marc:leader>00000nam a2200000 a 4500</marc:leader>
   <marc:datafield ind1="1" ind2=" " tag="100">
      <marc:subfield code="a">Sick, Stefan</marc:subfield>
   </marc:datafield>
   <marc:datafield ind1=" " ind2=" " tag="653">
      <marc:subfield code="a">DVD-Video</marc:subfield>
   </marc:datafield>
   <marc:datafield ind1=" " ind2=" " tag="653">
      <marc:subfield code="a">Demenz</marc:subfield>
   </marc:datafield>
   <marc:datafield ind1="0" ind2="0" tag="245">
      <marc:subfield code="a">Das innere Leuchten [Bildtonträger]</marc:subfield>
   </marc:datafield>
   <marc:datafield ind1="0" ind2="0" tag="245">
      <marc:subfield code="c">Regie: Stefan Sick</marc:subfield>
   </marc:datafield>
   <marc:datafield ind1=" " ind2="1" tag="264">
      <marc:subfield code="b">375 Media</marc:subfield>
      <marc:subfield code="c">2019</marc:subfield>
   </marc:datafield>
   <marc:datafield ind1="1" ind2=" " tag="520">
      <marc:subfield code="a">Demenz - eine Diagnose, die für die Betroffenen und ihre Angehörigen alles verändert. Die Erkrankung zu akzeptieren erscheint ebenso schwierig, wie ein angemessener Umgang mit ihr. Vielleicht geht es aber viel mehr um ein Mitfühlen, als um ein Verstehen? Beobachtend erforscht DAS INNERE LEUCHTEN den Lebensalltag von Menschen mit Demenz in einer Pflegeeinrichtung. Frei von Vergangenheit und Zukunft erwächst eine Möglichkeit, nur den Moment zu erleben. Mit grosser Wertschätzung dürfen Traurigkeit, Heiterkeit und Nachdenklichkeit unkommentiert für sich sprechen. DAS INNERE LEUCHTEN baut eine starke emotionale Nähe zu den Protagonisten auf und möchte den Versuch unternehmen, ihren Blick auf die Welt erfahrbar zu machen - ohne Konflikte und die Schwere DesThemas auszusparen. Der Film wagt eine poetische Interpretation dieses besonderen Zustands und soll dazu beitragen, Ängste im Umgang mit Menschen mit Demenz abzubauen und jeden einzelnen als Mensch zu akzeptieren.</marc:subfield>
   </marc:datafield>
   <marc:datafield ind1=" " ind2=" " tag="020">
      <marc:subfield code="a">4015698247602</marc:subfield>
      <marc:subfield code="9">4015698247602</marc:subfield>
   </marc:datafield>
   <marc:datafield ind1=" " ind2=" " tag="500">
      <marc:subfield code="a">Orig. : Deutschland 2019. Sprache: Deutsch (Dolby Digital 2.0), Deutsch (Dolby Digital 5.1). Untertitel: Englisch</marc:subfield>
   </marc:datafield>
   <marc:datafield ind1="0" ind2=" " tag="490">
      <marc:subfield code="v">0</marc:subfield>
   </marc:datafield>
   <marc:datafield ind1=" " ind2=" " tag="300">
      <marc:subfield code="a">1 DVD (95 Min.) : farbig</marc:subfield>
   </marc:datafield>
</marc:record>
